000 00722nam a2200289Ia 4500
005 20260324144149.0
008 008 260324s9999 xx 000 0 eng d
020 _a9781315819457
037 _aEBOOK
040 _aCRL
040 _beng
040 _cCRL
041 _2eng
041 _aeng
084 _qCRL
100 _aMichael Dear; Jennifer Wolch
_91218321
245 4 _aThe Power of Geography (RLE Social & Cultural Geography)
245 0 _bHow Territory Shapes Social Life
260 _bTaylor and Francis
260 _c1989
365 _a
365 _b290
856 _uhttp://www.taylorfrancis.com/books/9781315819457
942 _cEBOOK
999 _c1824574
_d1824574